[Event "SVK-chT2A 1213"]
[Site "Slovakia"]
[Date "2012.12.16"]
[Round "6.3"]
[White "Kleman, Miroslav"]
[Black "Svaralova, Monika"]
[Result "1/2-1/2"]
[WhiteElo "2187"]
[BlackElo "2021"]
[PlyCount "80"]
[EventDate "2012.10.13"]
[EventType "team-tourn"]
[EventRounds "11"]
[EventCountry "SVK"]
[SourceTitle "EXT 2015"]
[Source "ChessBase"]
[SourceDate "2014.11.20"]
[SourceVersion "1"]
[SourceVersionDate "2014.11.20"]
[SourceQuality "1"]
[WhiteTeam "Bratislava DP"]
[BlackTeam "Devinska Nova Ves II"]
[WhiteTeamCountry "SVK"]
[BlackTeamCountry "SVK"]

1. e4 e6 2. d3 d5 3. Nd2 Nf6 4. Ngf3 b6 5. g3 Be7 6. Bg2 Bb7 7. Qe2 dxe4 8. dxe4 Ba6 9. c4 Nc6 10. 0-0 e5 11. Rd1 0-0 12. Nf1 Qc8 13. b3 h6 14. Bb2 Qe6 15. Ne3 Rad8 16. Nd5 Bd6 17. a3 Ne7 18. Qc2 c6 19. Ne3 Bc8 20. Rd2 Bc7 21. Rad1 Rxd2 22. Rxd2 Nh7 23. Qc3 f6 24. Nh4 Rd8 25. Nhf5 Ng5 26. h4 Rxd2 27. Qxd2 Nf7 28. Bh3 Kh7 29. Qb4 Nd6 30. Nxd6 Qxh3 31. Nxc8 Nxc8 32. Qf8 Qd7 33. Nf5 Bd6 34. Nxd6 Nxd6 35. f3 Nxe4 36. fxe4 Qd1+ 37. Kg2 Qc2+ 38. Kh3 Qxb2 39. Qc8 Qxa3 40. Qf5+ Kg8 1/2-1/2

[Event "CZE/SVK-chT (Women)"]
[Site "Ruzomberok"]
[Date "2012.07.03"]
[Round "7.1"]
[White "Milcova, Zuzana"]
[Black "Svaralova, Monika"]
[Result "1-0"]
[WhiteElo "2015"]
[BlackElo "2040"]
[PlyCount "87"]
[EventDate "2012.06.30"]
[EventType "team-tourn"]
[EventRounds "9"]
[EventCountry "SVK"]
[SourceTitle "CBM 149 Extra"]
[Source "ChessBase"]
[SourceDate "2012.08.24"]
[SourceVersion "1"]
[SourceVersionDate "2012.08.24"]
[SourceQuality "1"]
[WhiteTeam "Ruzomberok (W)"]
[BlackTeam "Dvory nad Zitavou (W)"]
[WhiteTeamCountry "SVK"]
[BlackTeamCountry "SVK"]

1. e4 e6 2. e5 d5 3. exd6 cxd6 4. d4 Nf6 5. Nf3 Nc6 6. c3 Be7 7. Be2 0-0 8. 0-0 b6 9. h3 Bb7 10. Bf4 Rc8 11. Re1 a6 12. Nbd2 b5 13. a3 Qb6 14. Bd3 a5 15. Qe2 Na7 16. Rec1 d5 17. Ne5 b4 18. axb4 axb4 19. Bg5 Rfd8 20. Ng4 Nc6 21. Bxf6 Bxf6 22. Nxf6+ gxf6 23. Qg4+ Kf8 24. Bxh7 Ba6 25. Qg8+ Ke7 26. Qg7 Ra8 27. Re1 Rdc8 28. Re3 Nd8 29. Rae1 bxc3 30. bxc3 Qb2 31. Nf3 Rxc3 32. Nh4 Rxe3 33. Rxe3 Bb5 34. Nf5+ Kd7 35. Qxf6 Ra2 36. Nh6 Ke8 37. Rf3 Be2 38. Rg3 Qb6 39. Rg8+ Kd7 40. Nxf7 Nxf7 41. Qxf7+ Kd6 42. Qf8+ Kc6 43. Qe8+ Kd6 44. Qxe6+ 1-0

[Event "CZE/SVK-chT (Women)"]
[Site "Ruzomberok"]
[Date "2012.07.03"]
[Round "8.1"]
[White "Svaralova, Monika"]
[Black "Nemcova, Katerina"]
[Result "0-1"]
[WhiteElo "2040"]
[BlackElo "2261"]
[PlyCount "38"]
[EventDate "2012.06.30"]
[EventType "team-tourn"]
[EventRounds "9"]
[EventCountry "SVK"]
[SourceTitle "CBM 149 Extra"]
[Source "ChessBase"]
[SourceDate "2012.08.24"]
[SourceVersion "1"]
[SourceVersionDate "2012.08.24"]
[SourceQuality "1"]
[WhiteTeam "Dvory nad Zitavou (W)"]
[BlackTeam "Beskydy Chess School (W)"]
[WhiteTeamCountry "SVK"]
[BlackTeamCountry "CZE"]

1. d4 Nf6 2. c4 e6 3. Nc3 Bb4 4. e3 d5 5. Nf3 c5 6. a3 Bxc3+ 7. bxc3 Nc6 8. Bd3 0-0 9. 0-0 b6 10. cxd5 exd5 11. a4 cxd4 12. cxd4 Bg4 13. Ba3 Re8 14. Rc1 Rc8 15. Bb5 Re6 16. Rc2 Ne4 17. h3 Bxf3 18. Qxf3 Nxd4 19. exd4 Rxc2 0-1

[Event "CZE/SVK-chT (Women)"]
[Site "Ruzomberok"]
[Date "2012.07.02"]
[Round "5.1"]
[White "Borosova, Zuzana"]
[Black "Svaralova, Monika"]
[Result "1/2-1/2"]
[WhiteElo "2277"]
[BlackElo "2040"]
[PlyCount "57"]
[EventDate "2012.06.30"]
[EventType "team-tourn"]
[EventRounds "9"]
[EventCountry "SVK"]
[SourceTitle "CBM 149 Extra"]
[Source "ChessBase"]
[SourceDate "2012.08.24"]
[SourceVersion "1"]
[SourceVersionDate "2012.08.24"]
[SourceQuality "1"]
[WhiteTeam "Komarno (W)"]
[BlackTeam "Dvory nad Zitavou (W)"]
[WhiteTeamCountry "SVK"]
[BlackTeamCountry "SVK"]

1. e4 e6 2. d4 d5 3. Nc3 Nf6 4. e5 Nfd7 5. f4 c5 6. Nf3 Nc6 7. Be3 cxd4 8. Nxd4 Bc5 9. Qd2 0-0 10. 0-0-0 a6 11. h4 Nxd4 12. Bxd4 b5 13. Qf2 Qc7 14. Bd3 b4 15. Na4 Bxd4 16. Qxd4 a5 17. Kb1 Ba6 18. Rc1 Rfc8 19. b3 Qb7 20. h5 Bb5 21. Bxb5 Qxb5 22. f5 Qe2 23. Rhe1 Qxh5 24. f6 gxf6 25. exf6 Rc6 26. g4 Qg5 27. Rf1 Kf8 28. Rf2 Qg6 29. Rh1 1/2-1/2

[Event "CZE/SVK-chT (Women)"]
[Site "Ruzomberok"]
[Date "2012.07.01"]
[Round "4.1"]
[White "Svaralova, Monika"]
[Black "Gazikova, Veronika"]
[Result "0-1"]
[WhiteElo "2040"]
[BlackElo "1965"]
[PlyCount "110"]
[EventDate "2012.06.30"]
[EventType "team-tourn"]
[EventRounds "9"]
[EventCountry "SVK"]
[SourceTitle "CBM 149 Extra"]
[Source "ChessBase"]
[SourceDate "2012.08.24"]
[SourceVersion "1"]
[SourceVersionDate "2012.08.24"]
[SourceQuality "1"]
[WhiteTeam "Dvory nad Zitavou (W)"]
[BlackTeam "Liptov Chess School West (W)"]
[WhiteTeamCountry "SVK"]
[BlackTeamCountry "SVK"]

1. d4 Nf6 2. c4 c5 3. d5 b5 4. cxb5 a6 5. bxa6 g6 6. Nc3 Bxa6 7. g3 d6 8. Bg2 Bg7 9. Nf3 Nbd7 10. 0-0 0-0 11. Rb1 Qc7 12. Qc2 Rfb8 13. a4 c4 14. Nd4 Nc5 15. Bg5 h6 16. Bd2 Nb3 17. Nc6 Rb7 18. Rfd1 Kf8 19. Nb5 Bxb5 20. axb5 Ra4 21. Nd4 Nxd2 22. Qxd2 Nd7 23. Rdc1 Nc5 24. Rc2 Kg8 25. Rd1 Qb6 26. e3 Bxd4 27. Qxd4 Qxb5 28. Bf1 Nb3 29. Qh4 Rc7 30. Qxh6 Rc5 31. Qg5 Qd7 32. h4 Kg7 33. Kh2 Qf5 34. Qxf5 gxf5 35. Kg2 Kf6 36. Kf3 Ke5 37. Bh3 e6 38. dxe6 fxe6 39. Ke2 d5 40. f3 Ra2 41. f4+ Kf6 42. Kf3 Rc7 43. g4 fxg4+ 44. Bxg4 Nc5 45. Rdd2 Rb7 46. Ke2 Ne4 47. Rd4 Rbxb2 48. Rxb2 Rxb2+ 49. Ke1 c3 50. Bd1 c2 51. Bxc2 Rxc2 52. Rb4 Rh2 53. Rb6 Rxh4 54. Ke2 Rh2+ 55. Kf3 Kf5 0-1

[Event "CZE/SVK-chT (Women)"]
[Site "Ruzomberok"]
[Date "2012.07.01"]
[Round "3.1"]
[White "Svaralova, Monika"]
[Black "Korinkova, Eva"]
[Result "1-0"]
[WhiteElo "2040"]
[BlackElo "1865"]
[PlyCount "47"]
[EventDate "2012.06.30"]
[EventType "team-tourn"]
[EventRounds "9"]
[EventCountry "SVK"]
[SourceTitle "CBM 149 Extra"]
[Source "ChessBase"]
[SourceDate "2012.08.24"]
[SourceVersion "1"]
[SourceVersionDate "2012.08.24"]
[SourceQuality "1"]
[WhiteTeam "Dvory nad Zitavou (W)"]
[BlackTeam "Svetla nad Sazavou (W)"]
[WhiteTeamCountry "SVK"]
[BlackTeamCountry "CZE"]

1. d4 Nf6 2. c4 g6 3. Nc3 Bg7 4. e4 d6 5. Nf3 0-0 6. Be2 e5 7. 0-0 Nc6 8. d5 Ne7 9. b4 Nd7 10. c5 f5 11. Nd2 dxc5 12. bxc5 Nxc5 13. Ba3 Nxe4 14. Ndxe4 fxe4 15. Nxe4 Rf4 16. d6 cxd6 17. Bc4+ d5 18. Bxe7 Qxe7 19. Qxd5+ Rf7 20. Nd6 e4 21. Qxf7+ Qxf7 22. Bxf7+ Kf8 23. Rab1 b6 24. Bd5 1-0

[Event "SVK-ch U20 Girls"]
[Site "Senica"]
[Date "2011.12.29"]
[Round "6"]
[White "Celustkova, Lubica"]
[Black "Svaralova, Monika"]
[Result "0-1"]
[WhiteElo "1754"]
[BlackElo "2025"]
[PlyCount "72"]
[EventDate "2011.12.26"]
[EventType "tourn"]
[EventRounds "12"]
[EventCountry "SVK"]
[SourceTitle "CBM 146 Extra"]
[Source "ChessBase"]
[SourceDate "2012.02.29"]
[SourceVersion "1"]
[SourceVersionDate "2012.02.29"]
[SourceQuality "1"]

1. e4 e6 2. d4 d5 3. exd5 exd5 4. Bd3 Nc6 5. Nf3 Bd6 6. 0-0 Bg4 7. c3 Nge7 8. Re1 Qd7 9. Nbd2 0-0-0 10. Qc2 Ng6 11. Bb5 f6 12. Qa4 Kb8 13. Bxc6 bxc6 14. b3 Nf4 15. Ba3 Rhe8 16. c4 Nxg2 17. Rxe8 Rxe8 18. cxd5 Bxf3 19. Bxd6 cxd6 20. Nxf3 Qg4 21. Qb4+ Kc7 22. Qa5+ Kc8 23. Qa6+ Kd8 24. Qa5+ Kc8 25. Qa6+ Kb8 26. h3 Qxf3 27. dxc6 Re7 28. c7+ Rxc7 29. Qxd6 Nf4 30. Qb4+ Qb7 31. Qf8+ Rc8 32. Qd6+ Qc7 33. Qb4+ Ka8 34. Qe1 Qc6 35. Qf1 Qf3 36. Kh2 Rc2 0-1